Quelle ville commençant par C? - Statistiques

Statistiques générales
  • Ce quiz a été pris 687 fois
  • Le résultat moyen est 12 sur 20
Statistiques - réponses
Hint Réponse % Correct
Son festival du cinéma international est l'un des plus célèbres Cannes
97%
Capitale de l'Australie Canberra
96%
Ville française qui se situe à proximité du tunnel sous la Manche Calais
87%
Plus grande ville sur le lac Michigan Chicago
85%
Ville d'Angleterre connue pour son université Cambridge
84%
Capitale du Venezuela Caracas
83%
De part sa population, elle est la première ville du Mahgreb Casablanca
82%
On peut y admirer la statue d'une sirène dans son port Copenhague
76%
Ville indienne où Mère Teresa ensaignait Calcutta
73%
Son eau parfumée est célèbre partout dans le monde Cologne
69%
Son nom chinois est Guangzhou Canton
62%
La ville française qui a acceuilli les premiers J.O d'Hiver Chamonix
52%
Capitale économique du Sri Lanka Colombo
52%
Plus grande ville de la Sardaigne Cagliari
49%
Les Cavaliers y jouent en NBA Cleveland
43%
Plus grande ville de la province de l'Alberta, au Canada Calgary
40%
La Ville au pied de l'Etna Catane
40%
Première commune de la Wallonie, où le "Spirou" est né Charleroi
37%
Elle s'appelait autrefois Madras Chennai
20%
Elle est la capitale de la province du Sichuan Chengdu
14%
Aucun quiz correspondant
Distribution des résultats
% des personnes avec chaque résultat
Percentile par nombre de réponses
Votre historique - résultats
Vous n’avez pas pris ce quiz